Statistics for 2023 Formula One Teams Under 20 Seconds

Click here to take the quiz!

General Stats

  • This quiz has been taken 94 times
  • The average score is 8 of 10

Answer Stats

Answer% Correct
Ferrari
95%
Mercedes
95%
RedBull
93%
McLaren
89%
Williams
87%
AlphaTauri
80%
Haas
73%
Alfa Romeo
71%
Aston Martin
65%
Alpine
56%

Score Distribution

Percentile by Number Answered

Percent of People with Each Score

Your Score History

You have not taken this quiz